| 000 | 00379nam a2200145Ia 4500 | ||
|---|---|---|---|
| 008 | 240624s9999 xx 000 0 und d | ||
| 041 | _aeng | ||
| 082 | _a346.07 BUL | ||
| 100 | _aBULCHANDANI K R | ||
| 245 | _aBUSINESS LAW FOR MANAGEMENT | ||
| 250 | _a(5th ed.) | ||
| 260 |
_c2008 _aMumbai _bHimalaya Publishing House |
||
| 300 | _axlvii, : 821 : p. : cm. ; 28 | ||
| 365 |
_cRS _b25 |
||
| 999 |
_c9534 _d9534 |
||